| 000 | 01028nam a2200337 c 4500 | ||
|---|---|---|---|
| 003 | BLK | ||
| 005 | 20180420221330.0 | ||
| 008 | 180408b bul|||||r ||||||| ||bul|| | ||
| 010 | _aKNG00045307000 | ||
| 020 |
_a1-85715-179-8 _bиздат.: Everyman Publ. plc |
||
| 040 | _aBLK | ||
| 041 |
_aENG _cENG |
||
| 080 |
_aДемокрация _b321.7 _x(73) _z321.7(73) |
||
| 100 | 1 |
_aTocqueville, Alexis de _eпърви автор _926330 |
|
| 139 |
_aTocqueville, Alexis de _bT 67 |
||
| 245 | 1 | 0 |
_aDemocracy in America _cAlexis de Tocqueville. |
| 257 | _aUSA | ||
| 260 |
_аLondon _bEveryman Publ. plc _c1994 |
||
| 300 |
_aLXXII, 434 p., 394 p. _c21 см |
||
| 380 | _a3 | ||
| 490 | 1 | _aThe Millennuim Library | |
| 490 | 1 |
_3Подсерия _aEveryman's Library _v179 |
|
| 650 | 4 |
_aДемокрация - САЩ _9277891 |
|
| 653 | _aдемокрация | ||
| 653 | _aСАЩ | ||
| 852 | _aЦб 203079 | ||
| 856 | 4 |
_qpdf _u |
|
| 856 | 4 |
_qpdf _u |
|
| 942 |
_cKNG _n0 |
||
| 944 |
_aCR _c01.01.1999 _kТеодора_Стоянова |
||
| 944 |
_aED _c29.06.2007 _k |
||
| 999 |
_c41724 _d41724 |
||